Archeologický výzkum v boleradickém kostele

Titel: Archeologický výzkum v boleradickém kostele
Verfasser:
In: Pravěk, Band 13 (2003), Seite 425-428, 2 obr.
alle Artikel anzeigen
Veröffentlicht: 2003 [2005]
Format: Aufsatz
Sprache: Tschechisch
Kein Bild verfügbar
X
alg: 39160540
001A    $01999:11-11-16 
001B    $01999:28-04-17 $t14:24:44.000 
001C    $06050:19-11-16 $t08:53:06.000 
001D    $01999:11-11-16 
001U    $0utf8 
001X    $00 
002@    $0Aox 
003@    $0391605402 
007A    $0391605402 $aHEB 
007T    $0Herd73165 
010@    $acze 
011@    $a2003 $n2003 [2005] 
021A    $aArcheologický výzkum v boleradickém kostele 
028A    $713194889X $8Unger, Josef$Z1944- [Tp1] $918028892X 
031A    $d13 $h425-428, 2 obr. $j2003 
037A    $aněm. res. 428: Archäologische Erforschung der Boleradicer Kirche 
039B    $aIn $8--Abvc--. Pravěk. - Brno {[u.a.] : Ústav Archeologické Památkové Péče Brno, 1903-. - ISSN 1211-8338 $x200300000130000575 $9047306319 
045T    $a6,11 $a6,12 

lok: 39160540 78

exp: 39160540 78 1 #EPN
201B/01 $026-05-21 $t22:46:03.000 
201U/01 $0utf8 
203@/01 $0787699748 
208@/01 $a11-11-16 $be 
209A/01 $a/ $f000 $x00 
220C/01 $aTitelaufnehmer: rk;kh 
244Z/01 $#Tschechien $#Tschechische Republik $#Tschechische Republik $#Tschechenland $#Tschechei Tschechien $#Česká Republika $#Czech Republic $#ČR $74303381-7 $8--Tg1--Tschechien $x01 $9086659812 
244Z/01 $2Trx $#Böhmen $#Bohemia $#Czechy $8--Trx--Čechy $x02 $9391188941 
244Z/01 $#Okres Břeclav $#Okresný Úřad Břeclav, Okres $#Břeclav, Okresný Úřad Okres $73039277-9 $8--Tg1--Břeclav$gOkres $x03 $9059923857 
244Z/01 $2Trx $#arheoloogia uurimused $#archeologiniai tyrimai $#archaeology research $#régészet vizsgálatok $#archeologia, badania $#archeológia, výskumy $#archeologie, výzkumy $8--Trx--Archäologie$gUntersuchungen $x04 $9391380192 
244Z/01 $2Trx $#kirikud hooned $#bažnyčių pastatai $#churches buildings $#templomok épületek $#kościoły budynki $#kostoly budovy $#kostely budovy $8--Trx--Kirchen$gGebäude $x05 $9391363778 
244Z/01 $2Trx $8--Trx--Zeitschriftenaufsatz $x06 $9391384341 
245Z/01 $a05.03 $x01 
247C/01 $82080>Marburg/Lahn, Herder-Institut, Forschungsbibliothek, Bibliographieportal $9336309341
LEADER 00000caa a22000002c 4500
001 391605402
003 DE-603
005 20170428142444.0
007 tu
008 161111s2003 xx |||| | u00||u|cze c
035 |a (DE-599)HEB391605402 
040 |a DE-603  |b ger  |c DE-603  |d DE-603 
041 |a cze 
084 |a 6,11  |a 6,12  |2 ssgn 
100 1 |a Unger, Josef  |d 1944-  |0 (DE-603)18028892X  |0 (DE-588)13194889X  |2 gnd 
245 0 0 |a Archeologický výzkum v boleradickém kostele 
264 0 |c 2003 [2005] 
500 |a něm. res. 428: Archäologische Erforschung der Boleradicer Kirche 
773 0 8 |i In  |t Pravěk  |d Brno ˜[u.a.] œ: Ústav Archeologické Památkové Péče Brno, 1903-  |x 1211-8338  |g Band 13 (2003), Seite 425-428, 2 obr.  |w (DE-603)047306319  |w (DE-600)209024-7 
924 0 |9 2080  |a (DE-603)787699748  |b DE-2080  |c HES  |d d  |g /